General principle of property law

Bibliographic Details
Main Author: Sukhinder, Panesar (Author)
Format: Book
Language:English
Published: Harlow, England : Pearson Education Limited 2001
Subjects:

MARC

LEADER 00000cam a2200000 7i4500
001 0000013467
005 20241023.0
008 031014 enk eng
020 |a 0582423325 
040 |a INS   |b eng   |e rda 
090 0 0 |a KD829   |b .S85 2001 
100 1 |a Sukhinder, Panesar ,   |e author 
245 1 0 |a General principle of property law   |c Sukhinder Panesar 
264 1 |a Harlow, England :   |b Pearson Education Limited   |c 2001 
264 4 |c ©2001 
300 |a xvi, 253 pages ;   |c 24 cm. 
336 |a text  |2 rdacontent 
337 |a unmediated  |2 rdamedia 
338 |a volume  |2 rdacarrier 
500 |a Includes index 
650 0 |a Real property   |z Great Britain 
999 |a 0000010546   |b BOOK   |c Open Shelf   |e Default branch